=LDR 00000nam 2200000 4500 =001 INLIS000000000053087 =005 20180329091053 =035 ##$$a 0010-0318000314 =007 ta =008 180329###########################0###### =020 ##$$a 978-979-092-612-7 =082 ##$$a 570.71 =084 ##$$a 570.71 RAS p =100 #$$a Rasti Septianing =245 1#$$a Panduan belajar biologi SMA kelas XI : $b 2.B /$c Rasti Septianing =250 ##$$a Ed.1 =260 ##$$a Jakarta :$b Yudistira,$c 2014 =300 ##$$a 120 hlm : $b ilus ; $c 28 cm =650 ##$$a biologi - study dan pengajaran =700 #$$a M. Parulian =504 ##$$a Bibliografi : hlm. 125 =990 ##$$a 67406740 =990 ##$$a 67406740 =990 ##$$a 67406740 =990 ##$$a 67406740 =990 ##$$a 67406740 =990 ##$$a 21711008 =990 ##$$a 01201806740 =990 ##$$a 01201806741 =990 ##$$a 01201806742 =990 ##$$a 01201806743 =990 ##$$a 21711009 =990 ##$$a 01201806740 =990 ##$$a 01201806741 =990 ##$$a 01201806742 =990 ##$$a 21711008 =990 ##$$a 21711010 =990 ##$$a 01201806740 =990 ##$$a 01201806741 =990 ##$$a 21711009 =990 ##$$a 21711008 =990 ##$$a 21711011 =990 ##$$a 01201806740 =990 ##$$a 21711010 =990 ##$$a 21711009 =990 ##$$a 21711008 =990 ##$$a 21711012 =990 ##$$a 21711011 =990 ##$$a 21711010 =990 ##$$a 21711009 =990 ##$$a 21711008